Statistics for Smallest countries on the world

Click here to take the quiz!

General Stats

  • This quiz has been taken 35 times
  • The average score is 7 of 10

Answer Stats

PopulationCountry% Correct
1000Vatican City
97%
33 860San Marino
91%
38 964Monaco
88%
38 019Liechtenstein
79%
10 756Nauru
79%
18 008Palau
76%
11 646Tuvalu
67%
58 791Marshall Islands
42%
52 823St Kitts and Nevis
42%
71 808Dominica
30%

Score Distribution

Percentile by Number Answered

Percent of People with Each Score

Your Score History

You have not taken this quiz